| 000 | 00337nam a2200133Ia 4500 | ||
|---|---|---|---|
| 008 | 191201s2005 xx 000 0 und d | ||
| 082 |
_a621.3 _bPRF |
||
| 100 | _aPRASAD, Rajindra | ||
| 245 | 0 | _aFundamentals of Electrical Engineering | |
| 260 |
_aN.Delhi _bPrentice Hall _c2005 |
||
| 300 | _a827 | ||
| 650 | _aB.Tech(IT) | ||
| 942 |
_2ddc _cBK |
||
| 999 |
_c3261 _d3261 |
||